000 01102cam a22002054a 4500
005 20250605164046.0
008 250528s ||||||||||||||||||||||||d
035 _a17125
020 _a534192548
040 _aGR-AtMCL
_bgre
_dGR-AtMCL
_eAACR2
245 1 _aBasic Statistics / Tales of Distributions
250 _a5th
260 _bBrooks/Cole Publishing Company,
_c1993
300 _a470
520 _aThis book helps you overcome ''statistics uncertainty'' and achieve success. Introduction, The Organization of Data and Graphs and Central Tendency, Valiability, Correlation and Regression, Theoretical Distributions including the Normal Distribution, Samples and Sampling Distributions and Confidence Intervals, Hypothesis Testing: One-Sample Tests, Hypothesis Testing: Two-Sample Tests, Analysis of Variance: One-Way Classification, Analysis of Variance: Factorial Design, The Chi-Square Distribution, Nonparametric Statistics, Choosing Tests and Writing Interpretations, Appendices, References, Index.
700 1 _aSpatz Chris
_93271
942 _cBK
999 _c2565
_d2565